| 000 | 00879nam a2200229Ia 4500 | ||
|---|---|---|---|
| 003 | OSt | ||
| 005 | 20220923224034.0 | ||
| 006 | a|||||r|||| 00| 0 | ||
| 007 | ta | ||
| 008 | 220922b |||||||| |||| 00| 0 hin d | ||
| 024 | _a224,357 | ||
| 037 | _cTextual | ||
| 040 |
_aARTS _cARTS _bhin |
||
| 041 |
_2hin _ahin |
||
| 082 | _aWxL12w,1, 152P4.1-.2 | ||
| 100 |
_aरूसो, ज्यां - जाक; धीर, युगांक, अनु. _9167755 |
||
| 245 | 0 | _aरूसो की आत्मकथा आत्मस्वीकृतियां | |
| 246 | _aRūso kī ātmakathā ātmasvīkṛutiyāan | ||
| 260 |
_aमुंबई _b संवाद प्रकाशन _c2004 |
||
| 942 |
_hWxL12w,1, 152P4.1-.2 _cTEXL _2CC |
||
| 999 |
_c368793 _d368793 |
||